Aktívna správa portfólia
Všeobecný koncept aktívnej správy portfólia, ku ktorej manažéri pristupujú v prípade, ak sú presvedčení, že niektoré cenné papiere nie sú správne ohodnotené a očakávania výnosností a rizika sú heterogénne.
Saved in:
| Main Author: | |
|---|---|
| Other Authors: | |
| Format: | Book Chapter |
| Language: | Slovak |
| Subjects: | |
| Tags: |
No Tags, Be the first to tag this record!
|
MARC
| LEADER | 00000nla$a2200000$$$4500 | ||
|---|---|---|---|
| 001 | 0135528 | ||
| 005 | 20231121083536.0 | ||
| 041 | 0 | |a slo | |
| 044 | |a SK | ||
| 245 | 1 | 0 | |a Aktívna správa portfólia |c Boris Šturc, Lucia Koreňová |
| 520 | |a Všeobecný koncept aktívnej správy portfólia, ku ktorej manažéri pristupujú v prípade, ak sú presvedčení, že niektoré cenné papiere nie sú správne ohodnotené a očakávania výnosností a rizika sú heterogénne. | ||
| 610 | 2 | 0 | |a portfólio |
| 610 | 2 | 0 | |a aktíva |
| 610 | 2 | 0 | |a trh finančný |
| 610 | 2 | 0 | |a investovanie |
| 610 | 2 | 0 | |a papiere cenné |
| 100 | 1 | |a Šturc, Boris, 1961- | |
| 700 | 1 | |a Koreňová, Lucia | |